Brendan Bethlehem

Cambridge B


Categories

History - European History05025084109.6002
History - Other History0510453457.4044
Religion0400405473.5013
History - World History0310256883.3312
History - American History020120109117.5000
Other020020109112.5002
Science - Other Science0200208688.5000
Mythology0200206583.5012
Social Science021115123124.5011
Literature - World Literature0100108787.0001
Fine Arts - Painting & Sculpture010110132132.0000
Literature - American Literature010010130130.0000
Fine Arts - Classical Music0100107474.0001
Philosophy010110133133.0000
Science - Chemistry0220108391.5001
Science - Physics01115130130.0000
Fine Arts - Other Fine Arts0020-100.0000

Buzzes

History - Other Historymedicine-525
History - Other HistoryKhufu1034
Science - Chemistryhydrides-550
History - Other Historychariot racing teams1051
ReligionEthiopian Church1054
ReligionPassover seder1059
History - Other HistorySan people1059
Science - Physicsparamagnetism-561
History - Other HistorySumerian kings1061
MythologySekhmet1065